Word Ladder: Tony Winners Quiz Stats

 Plays Quiz Updated Jan 17, 2018

Score 0/9 Timer 01:00
2 Plays Today
Clue 4-Letter Word % Correct
Time between Ash Wednesday and just before EasterLENT
94.8%
Driers and belly buttons are full of thisLINT
94.5%
TV's 'Nick at ___'NITE
86.7%
Actress BlanchettCATE
82.6%
Tony Award Winner for Best Musical 1996RENT
81.6%
FiveThirtyEight.com founder Silver or decorator BerkusNATE
71%
London: Queue::Washington, DC: ___LINE
70.8%
Tony Award Winner for Best Musical 1983CATS
63.4%
Tony Award Winner for Best Musical 1982NINE
63.4%

Today's Daily Dose

You're not logged in!

Compare scores with friends on all Sporcle quizzes.
OR
Log In

Show Comments

Extras

Top Quizzes Today


Score Distribution

Your Account Isn't Verified!

In order to create a playlist on Sporcle, you need to verify the email address you used during registration. Go to your Sporcle Settings to finish the process.

Report this User

Report this user for behavior that violates our Community Guidelines.

Details: